[Event "Ch Ukraine"]
[Site "masterchessopen.com – Ukraine"]
[Round "0"]
[White "Bannik Anatoly (GER)"]
[Black "Koval V (UKR)"]
[Result "0-1"]
[WhiteElo "2175"]
[BlackElo "2270"]

1.e4 e5 2.Nf3 Nc6 3.Bb5 a6 4.Ba4 Nf6 5.O-O Be7 6.Re1 b5 7.Bb3 d6 8.c3 O-O 9.h3
Nb8 10.d3 c5 11.Nbd2 Nc6 12.Nf1 Be6 13.Bc2 Qc7 14.Qe2 Rfb8 15.Ne3 b4 16.Ng5
Bd7 17.Bb3 Be8 18.Nd5 Nxd5 19.Bxd5 bxc3 20.bxc3 h6 21.Nf3 Ra7 22.Nh2 Bf8
23.Ng4 Ne7 24.Bb3 Ng6 25.g3 Kh8 26.Ne3 Qc8 27.Kh2 Ne7 28.Qf3 Ng8 29.Rg1 g6
30.Bd2 Bg7 31.Raf1 a5 32.Bc4 Bb5 33.Rb1 Bxc4 34.Nxc4 Qc7 35.Qd1 Rf8 36.Rb6 f5
37.f3 Rd8 38.Qb3 d5 39.exd5 Rxd5 40.Nb2 c4 41.Nxc4 Rxd3 42.Rg2 Rxf3 43.Rxg6
Qf7 44.Rb6 f4 45.Be1 Rf1 46.Rg1 Rxe1 47.Rxe1 fxg3+ 48.Kxg3 Qf4+ 49.Kg2 Bf6
50.Ne3 Bh4 51.Re2 Rg7+ 52.Kh1 Qf3+ 53.Rg2 Qxh3+ 54.Kg1 Qxe3+ 55.Kh2 Rxg2+
56.Kxg2 Qf2+ 57.Kh1 Bg3 58.Rxh6+ Nxh6 {#R} 0-1

[Event "Ch URS"]
[Site "masterchessopen.com – Moscow (Russia)"]
[Round "0"]
[White "Sherbakov V (RUS)"]
[Black "Furman Semen (RUS)"]
[Result "0-1"]
[WhiteElo "2432"]
[BlackElo "2550"]

1.e4 e5 2.Nf3 Nc6 3.Bb5 a6 4.Ba4 Nf6 5.O-O Be7 6.Re1 b5 7.Bb3 d6 8.c3 O-O 9.h3
Nb8 10.d3 Nbd7 11.Nbd2 a5 12.Nf1 a4 13.Bc2 Re8 14.Ne3 Bf8 15.Nf5 Nc5 16.Ng3 g6
( 16...Bb7 { !? } 17.d4 exd4 18.Qxd4 d5 19.e5 Nfe4 ) 17.d4 Ncd7 18.Bg5 h6
19.Be3 c5 20.Nh2 cxd4 21.cxd4 d5 22.Ng4 ( 22.dxe5 { ?! } 22...Nxe5 23.Bd4 Bb7
24.f4 Nc6 25.e5 Ne4 26.Nxe4 dxe4 27.Bxe4 Nxd4 28.Bxb7 Qb6 29.Kh1 Nf5 { ! }
30.Qf3 Qxb7 { !! } 31.Qxb7 Ng3+ 32.Kg1 Bc5+ { ??+ Koblenc } ) 22...Nxg4
23.hxg4 Qh4 24.exd5 Nf6 25.dxe5 ( 25.f3 { !? } 25...exd4 26.Bf2 Rxe1+ 27.Qxe1
Bd6 { ? } ) 25...Rxe5 26.Bd4 { ! } 26...Bxg4 27.Qd3 Rxe1+ 28.Rxe1 Bd7 29.Re6 {
? } 29...fxe6 { ! } 30.Qxg6+ Bg7 31.Ne4 Rf8 32.g3 Qxe4 { ! } 33.Bxe4 Be8
34.dxe6 Bxg6 35.Bxg6 Rc8 {#R} 0-1

[Event "Izt"]
[Site "masterchessopen.com – Amsterdam (Netherlands)"]
[Round "0"]
[White "Stein Leonid Z (UKR)"]
[Black "Evans Larry M (USA)"]
[Result "1-0"]
[WhiteElo "2620"]
[BlackElo "2470"]

1.e4 e5 2.Nf3 Nc6 3.Bb5 a6 4.Ba4 Nf6 5.O-O Be7 6.Re1 b5 7.Bb3 d6 8.c3 O-O 9.h3
Nb8 10.d3 c5 11.Nbd2 Qc7 12.Bc2 Nc6 13.Nf1 d5 14.Ne3 dxe4 ( 14...d4 { ! = } )
15.dxe4 Rd8 16.Qe2 g6 17.a4 Rb8 18.axb5 axb5 19.Ng5 { ! } 19...h6 20.Nd5 { ! }
20...Nxd5 21.exd5 hxg5 ( 21...Rxd5 22.Qf3 Be6 23.Nxe6 fxe6 24.Qe4 { ! +?? } )
( 21...Bxg5 22.Bxg5 hxg5 23.dxc6 Qxc6 24.Qxe5 Bb7 25.Be4 { ! +?? } ) 22.dxc6
Qxc6 23.Qxe5 Bb7 24.Qg3 Qf6 25.Rxe7 Qxe7 26.Bxg5 f6 27.Bf4 Ra8 28.Rxa8 Bxa8
29.Bxg6 Qg7 30.Be3 c4 31.Bf7+ { ! } 31...Kxf7 32.Qc7+ Kg6 33.Qxd8 Bc6 34.Bd4
Qf7 35.Qd6 {#r} 1-0

[Event "It"]
[Site "masterchessopen.com – Belgrade (Yugoslavia)"]
[Round "5"]
[White "Parma Bruno (SLO)"]
[Black "Zuidema Coen (NED)"]
[Result "1-0"]
[WhiteElo "2480"]
[BlackElo "2450"]

1.e4 e5 2.Nf3 Nc6 3.Bb5 a6 4.Ba4 Nf6 5.O-O Be7 6.Re1 b5 7.Bb3 d6 8.c3 O-O 9.h3
Nb8 10.d3 Nbd7 11.Nbd2 a5 12.Nf1 a4 13.Bc2 Re8 14.Ng3 g6 15.Bh6 Bf8 16.Qd2 Kh8
17.Rad1 c5 18.d4 Bb7 19.Bxf8 Rxf8 20.dxc5 dxc5 21.Qg5 Qc7 22.Rd2 Ng8 23.Red1
Bc6 24.Rd6 f6 25.Qg4 Rfd8 26.Qh4 Kg7 27.Nf1 Nf8 28.Rxd8 Rxd8 29.Rxd8 Qxd8
30.Nxe5 Be8 31.Nd3 Qd6 32.Qg3 Qc6 33.Qe3 Nd7 34.e5 Bf7 35.a3 f5 36.Nf4 Be6
37.Bd1 Kf7 38.Nd2 Ne7 39.Nf3 Nd5 40.Ng5+ {#r} 1-0

[Event "Match \"]
[Site "masterchessopen.com – Leningrad (Russia)"]
[Round "4"]
[White "Vasiukov Evgeni (RUS)"]
[Black "Udovcic Mijo (YUG)"]
[Result "1-0"]
[WhiteElo "2455"]
[BlackElo "2460"]

1.e4 e5 2.Nf3 Nc6 3.Bb5 a6 4.Ba4 Nf6 5.O-O Be7 6.Re1 b5 7.Bb3 O-O 8.c3 d6 9.h3
Nb8 10.d3 Nbd7 11.Nbd2 Nc5 12.Bc2 c6 13.Nf1 Ne6 14.Ng3 g6 15.Bh6 Re8 16.d4 Qc7
17.Qd2 Kh8 18.Rad1 Ng8 19.Be3 f6 20.Bb3 Bf8 21.Rf1 c5 22.Kh1 c4 23.Bc2 Bb7
24.d5 Ng7 25.Nh2 g5 26.Nf3 Ne7 27.h4 h6 28.hxg5 hxg5 29.Bxg5 fxg5 30.Qxg5 Kg8
31.Nh5 Rec8 32.Nh4 Qd8 33.Nf6+ Kf7 34.f4 {#r} 1-0

[Event "Ch Moscow"]
[Site "masterchessopen.com – Moscow (Russia)"]
[Round "2"]
[White "Vasiukov Evgeni (RUS)"]
[Black "Averbakh Yuri L (RUS)"]
[Result "1-0"]
[WhiteElo "2455"]
[BlackElo "2445"]

1.e4 e5 2.Nf3 Nc6 3.Bb5 a6 4.Ba4 Nf6 5.O-O Be7 6.Re1 b5 7.Bb3 d6 8.c3 O-O 9.h3
Nb8 10.d3 Nbd7 11.Nbd2 Bb7 12.Nf1 Nc5 13.Bc2 Re8 14.Ng3 Bf8 15.b4 Ncd7 16.d4
a5 17.a3 axb4 18.cxb4 c5 19.bxc5 dxc5 20.dxe5 Nxe5 21.Nxe5 Rxe5 22.Bb2 Qxd1
23.Rexd1 Re6 24.e5 Ne8 25.a4 bxa4 26.Rxa4 Rxa4 27.Bxa4 Nc7 28.Rd7 Bc6 29.Bxc6
Rxc6 30.f4 Rb6 31.Rxc7 Rxb2 32.Rc8 Rb4 33.f5 g6 34.f6 Rf4 35.Nf1 Re4 36.Nh2
Rxe5 37.Ng4 Rh5 38.Re8 Rh4 39.g3 Rxh3 40.Ne5 Rxg3+ 41.Kf2 Rg5 42.Nd7 Rf5+
43.Ke3 h5 44.Rxf8+ Kh7 45.Rxf7+ Kh6 46.Re7 {#r} 1-0

[Event "?"]
[Site "masterchessopen.com – Polanica Zdroj (Poland)"]
[Round "10"]
[White "Parma Bruno (SLO)"]
[Black "Kostro Jerzy (POL)"]
[Result "1-0"]
[WhiteElo "2480"]
[BlackElo "2305"]

1.e4 e5 2.Nf3 Nc6 3.Bb5 a6 4.Ba4 Nf6 5.O-O Be7 6.Re1 b5 7.Bb3 d6 8.c3 O-O 9.h3
Nb8 10.d3 c5 11.Nbd2 Nc6 12.Nf1 Be6 13.Ng3 Bxb3 14.Qxb3 g6 15.d4 c4 16.Qd1 Qc7
17.Bg5 Kg7 18.Qd2 Ng8 19.Rad1 Rad8 20.Bxe7 Ncxe7 21.Nh4 f6 22.f4 Nh6 23.Nf3
Nf7 24.Nf1 Rfe8 25.N1h2 Qb6 26.Ng4 Nc6 27.Kh1 exd4 28.cxd4 h5 29.Nf2 Qa5
30.Qc1 d5 31.f5 dxe4 32.Nxe4 Nd6 33.Nxf6 Rxe1+ 34.Rxe1 Nxf5 35.Qg5 Ncxd4
36.Re7+ {#r} 1-0

[Event "Ch Europe (team) (1/2 final)"]
[Site "masterchessopen.com – Sinaya (Romania)"]
[Round "0"]
[White "Gheorghiu Florin (ROM)"]
[Black "Lengyel Levente (HUN)"]
[Result "1-0"]
[WhiteElo "2383"]
[BlackElo "2293"]

1.e4 e5 2.Nf3 Nc6 3.Bb5 a6 4.Ba4 Nf6 5.O-O Be7 6.Re1 b5 7.Bb3 d6 8.c3 O-O 9.h3
Nb8 10.d3 Nbd7 11.Nbd2 Bb7 12.Bc2 c5 13.Nf1 Re8 14.Ng3 g6 15.Bg5 Nf8 16.d4 Ne6
17.Bh6 Qc7 18.d5 Ng7 19.Nh2 Bc8 20.Qd2 c4 21.Kh1 Nfh5 22.Ne2 f5 23.g4 fxg4
24.hxg4 Nf6 25.Rg1 Rf8 26.f4 exf4 27.Nxf4 Rf7 28.Raf1 Bd8 29.Bxg7 Rxg7 30.g5
Nh5 31.Ne6 Bxe6 32.dxe6 Be7 33.Ng4 Rf8 34.Nh6+ Kh8 35.Nf7+ Kg8 36.Bd1 Qc5
37.Bxh5 gxh5 38.Rf5 Qc6 39.Qd4 Rfxf7 40.exf7+ Kf8 41.g6 {#r} 1-0

[Event "Olympiad"]
[Site "masterchessopen.com – Tel Aviv (Israel)"]
[Round "11"]
[White "Kuijpers Frans A (NED)"]
[Black "Portisch Lajos (HUN)"]
[Result "0-1"]
[WhiteElo "2280"]
[BlackElo "2523"]

1.e4 e5 2.Nf3 Nc6 3.Bb5 a6 4.Ba4 Nf6 5.O-O Be7 6.Re1 b5 7.Bb3 d6 8.c3 O-O 9.h3
Nb8 10.d3 Nbd7 11.Nbd2 Bb7 12.Nf1 Nc5 13.Bc2 Re8 14.Ng3 Bf8 15.Bg5 Ne6 16.Be3
c5 17.d4 exd4 18.cxd4 cxd4 19.Nxd4 Nc5 20.f3 d5 21.exd5 Nxd5 22.Bf2 Nb4
23.Rxe8 Qxe8 24.Bb1 Rd8 25.a3 Nc6 26.Qc2 g6 27.Nxc6 Qxc6 28.Ba2 Nd3 29.Qxc6
Bxc6 30.Rd1 Rd6 31.Rd2 Nxf2 32.Rxf2 Rd1+ 33.Kh2 Bd6 34.Bb3 Rd4 35.Bc2 Bb7
36.f4 Bxf4 {#R} 0-1

[Event "Olympiad"]
[Site "masterchessopen.com – Tel Aviv (Israel)"]
[Round "8"]
[White "Schmid Lothar (GER)"]
[Black "Radovici Corvin (ROM)"]
[Result "1-0"]
[WhiteElo "2530"]
[BlackElo "2281"]

1.e4 e5 2.Nf3 Nc6 3.Bb5 a6 4.Ba4 Nf6 5.O-O Be7 6.Re1 b5 7.Bb3 O-O 8.c3 d6 9.h3
Nb8 10.d3 c5 11.Nbd2 Nc6 12.a4 b4 13.Nc4 Rb8 14.Bg5 bxc3 15.bxc3 Be6 16.Rb1 h6
17.Bxf6 Bxf6 18.Ne3 Na5 19.Bd5 Qc7 20.Qc2 Rxb1 21.Rxb1 Rb8 22.Rxb8+ Qxb8
23.Qa2 Bxd5 24.Qxd5 Be7 25.Nc4 Nxc4 26.Qxc4 Qb7 27.h4 g6 28.g3 Kg7 29.Nd2 g5
30.h5 g4 31.Nf1 Bg5 32.Nh2 a5 33.Nxg4 Qb1+ 34.Kg2 Qd1 35.Nh2 Qe2 36.Nf1 Qxh5
37.Qa6 Qg6 38.Qxa5 h5 39.Qc7 h4 40.Qc8 c4 41.Qxc4 hxg3 42.Nxg3 Bf4 43.Qa2 Bxg3
44.fxg3 Qg5 45.Qc2 Qe3 46.Qd1 Qc5 47.Qd2 Kg6 48.Qc1 d5 49.Qc2 dxe4 50.dxe4 Qc4
51.Kf2 Kg7 52.Ke1 Kf6 53.Qf2+ Kg7 54.Qc2 Kf6 55.Kd2 Kg5 56.Ke3 Kg6 57.Kd2 Kg5
58.a5 Kg4 59.Qb1 f6 60.Qd1+ Kg5 61.Qf3 Qa6 62.Qf5+ Kh6 63.g4 Qd6+ 64.Kc2 Qc6
65.Kd2 Qd6+ 66.Ke2 Qa6+ 67.Kf2 Qd6 68.Kg3 Kg7 69.g5 fxg5 70.Qxg5+ Kf7 71.Qf5+
Kg7 72.Qg5+ Kf7 73.Kg4 Qd1+ 74.Kf5 Qd6 75.Qh5+ Kg7 76.Qh4 Qf8+ 77.Kxe5 Qc5+
78.Kf4 Qc7+ 79.e5 Qc4+ 80.Kg5 Qxc3 81.Qh6+ Kg8 82.Qe6+ Kg7 83.Qd7+ Kg8 84.Kf6
Qf3+ 85.Qf5 Qb7 86.a6 Qf7+ 87.Kg5 Qe7+ 88.Qf6 Qa3 89.Qe6+ Kg7 90.Qd7+ Kh8
91.a7 Qg3+ 92.Kf6 Qh4+ 93.Ke6 Qh6+ 94.Ke7 Qf8+ 95.Ke6 Qh6+ 96.Kd5 Qd2+ 97.Kc6
Qc3+ 98.Kb7 Qb4+ 99.Kc8 Qc4+ 100.Kb8 {#r} 1-0

[Event "Olympiad"]
[Site "masterchessopen.com – Tel Aviv (Israel)"]
[Round "2"]
[White "Unzicker Wolfgang (GER)"]
[Black "Padevsky Nikola (BUL)"]
[Result "1-0"]
[WhiteElo "2433"]
[BlackElo "2355"]

1.e4 e5 2.Nf3 Nc6 3.Bb5 a6 4.Ba4 Nf6 5.O-O Be7 6.Re1 b5 7.Bb3 O-O 8.c3 d6 9.h3
Nb8 10.d3 Bb7 11.Nbd2 Nbd7 12.Nf1 Re8 13.Ng3 Nc5 14.Bc2 g6 15.Bh6 Bf8 16.Bxf8
Kxf8 17.Qd2 Kg7 18.d4 Ncd7 19.Rad1 h6 20.Nh2 Qe7 21.f4 c5 22.Nf3 cxd4 23.cxd4
Rac8 24.Bb3 Rc7 25.Kh1 Kh7 26.Re2 exd4 27.e5 dxe5 28.fxe5 Ng8 29.e6 fxe6
30.Rxe6 Qd8 31.Qxd4 Bxf3 32.gxf3 Ngf6 33.Rxa6 Qb8 34.Rxf6 Nxf6 35.Qxf6 Qc8
36.Qf4 Qxh3+ 37.Kg1 Rd7 38.Rxd7+ Qxd7 39.Ne4 Qd4+ 40.Kh1 Rd8 41.Nf6+ {#r} 1-0

[Event "Olympiad"]
[Site "masterchessopen.com – Tel Aviv (Israel)"]
[Round "11"]
[White "Yanofsky D A (CAN)"]
[Black "Unzicker Wolfgang (GER)"]
[Result "0-1"]
[WhiteElo "2410"]
[BlackElo "2433"]

1.e4 e5 2.Nf3 Nc6 3.Bb5 a6 4.Ba4 Nf6 5.O-O Be7 6.Re1 b5 7.Bb3 d6 8.c3 O-O 9.h3
Nb8 10.d3 Nbd7 11.Nbd2 Bb7 12.Nf1 Nc5 13.Bc2 Re8 14.Ng3 Bf8 15.Bg5 Ne6 16.Be3
c5 17.d4 exd4 18.cxd4 cxd4 19.Nxd4 Nc5 20.f3 d5 21.exd5 Nxd5 22.Bf2 Nb4
23.Rxe8 Qxe8 24.Bb1 Rd8 25.a3 Nc6 26.Qc2 g6 27.Nxc6 Qxc6 28.Ba2 Nd3 29.Qxc6
Bxc6 30.Rd1 Rd6 31.Ne4 Bxe4 32.fxe4 Nxb2 33.Rc1 Rd1+ 34.Rxd1 Nxd1 35.a4 Nc3
36.axb5 axb5 37.Bd5 Nxd5 38.exd5 b4 39.Bd4 Bg7 40.Bc5 b3 {#R} 0-1

[Event "Ch World (team) (under 26) (final A)"]
[Site "masterchessopen.com – Krakow (Poland)"]
[Round "9"]
[White "Jansa Vlastimil (CZE)"]
[Black "Kovacs Laszlo M (HUN)"]
[Result "1-0"]
[WhiteElo "2478"]
[BlackElo "2339"]

1.e4 e5 2.Nf3 Nc6 3.Bb5 a6 4.Ba4 Nf6 5.O-O Be7 6.Re1 b5 7.Bb3 O-O 8.c3 d6 9.h3
Nb8 10.d3 Nbd7 11.Nbd2 Nc5 12.Bc2 Bb7 13.Nf1 Re8 14.Ng3 Bf8 15.b4 Ncd7 16.d4
g6 17.a4 Bg7 18.d5 Qe7 19.Nd2 c6 20.dxc6 Bxc6 21.axb5 axb5 22.Rxa8 Rxa8 23.Nb3
Rc8 24.Na5 Ba8 25.Qd3 d5 26.Bd2 Rb8 27.exd5 Bxd5 28.Qe2 Qd6 29.Rd1 h5 30.Be1
Qe6 31.Nf1 Bh6 32.Ne3 Ba8 33.Bb3 Qb6 34.Nd5 Nxd5 35.Bxd5 Bxd5 36.Rxd5 Nf6
37.Rc5 e4 38.Bd2 Bxd2 39.Qxd2 Rd8 40.Qf4 Rd1+ 41.Kh2 Kg7 42.Nc6 Nd7 43.Ne5
Nxc5 44.Qxf7+ Kh6 45.bxc5 {#r} 1-0

[Event "Ch World (juniors) (under 20)"]
[Site "masterchessopen.com – Barcelona (Spain)"]
[Round "3"]
[White "Bouaziz Slim (TUN)"]
[Black "Hartoch Robert G (NED)"]
[Result "0-1"]
[WhiteElo "2338"]
[BlackElo "2198"]

1.e4 e5 2.Nf3 Nc6 3.Bb5 a6 4.Ba4 Nf6 5.O-O Be7 6.Re1 b5 7.Bb3 O-O 8.h3 d6 9.c3
Nb8 10.d3 Nbd7 11.Nbd2 Nc5 12.Bc2 Re8 13.Nf1 Bf8 14.Ng3 g6 15.d4 Ncd7 16.Bb3
c5 17.d5 Bg7 18.Be3 h6 19.Qd2 Kh7 20.h4 Ng4 21.Qe2 Nxe3 22.Qxe3 Nf6 23.Nh2 h5
24.Bd1 Bh6 25.Qd3 Ng8 26.Nf3 Bg4 27.Ng5+ Bxg5 28.Bxg4 Bxh4 29.Nxh5 gxh5
30.Bf5+ Kg7 31.g3 Bg5 32.Re2 Nh6 33.Bh3 h4 34.Rf1 hxg3 {#R} 0-1

[Event "Ch Hungary"]
[Site "masterchessopen.com – Budapest (Hungary)"]
[Round "0"]
[White "Barczay Laszlo (HUN)"]
[Black "Foldi Jozsef (HUN)"]
[Result "0-1"]
[WhiteElo "2381"]
[BlackElo "2280"]

1.e4 e5 2.Nf3 Nc6 3.Bb5 a6 4.Ba4 Nf6 5.O-O Be7 6.Re1 b5 7.Bb3 d6 8.c3 O-O 9.h3
Nb8 10.d3 Nbd7 11.Nbd2 Bb7 12.Nf1 Nc5 13.Bc2 Re8 14.Ng3 Bf8 15.b4 Ncd7 16.Nf5
d5 17.g4 a5 18.bxa5 Rxa5 19.Nd2 dxe4 20.dxe4 Nc5 21.Qf3 Qa8 22.g5 Nfd7 23.Bb1
Ne6 24.Kh1 Ndc5 25.Rg1 Nf4 26.Qg4 Ra6 27.f3 Qd8 28.Bc2 Ncd3 29.Bxd3 Qxd3
30.Nb3 h5 31.gxh6 Rg6 32.hxg7 Rxg4 33.gxf8=Q+ Kxf8 34.Ba3+ Re7 35.Bxe7+ Ke8
36.Nd2 Rg6 37.Rad1 Bxe4 38.Nh4 Rxg1+ 39.Kxg1 {#R} 0-1

[Event "Ch Europe (team)"]
[Site "masterchessopen.com – Hamburg (Germany)"]
[Round "0"]
[White "Ciocaltea Viktor (ROM)"]
[Black "Szabo Laszlo (HUN)"]
[Result "1-0"]
[WhiteElo "2420"]
[BlackElo "1903"]

1.e4 e5 2.Nf3 Nc6 3.Bb5 a6 4.Ba4 Nf6 5.O-O Be7 6.Re1 b5 7.Bb3 O-O 8.c3 d6 9.h3
Nb8 10.d3 Nbd7 11.Nbd2 Bb7 12.Bc2 Re8 13.Nf1 Bf8 14.Ng3 c5 15.Nf5 d5 16.Nh2
dxe4 17.dxe4 c4 18.Qf3 Qb6 19.Bg5 Re6 20.Rad1 Nc5 21.Bxf6 Rxf6 22.Ng4 Re6
23.Qg3 Rae8 24.b4 cxb3 25.axb3 h5 26.Nh2 b4 27.c4 Rg6 28.Qh4 Ne6 29.Nf3 Bc5
30.Rd2 Nd4 31.N3xd4 exd4 32.Qxh5 a5 33.Bd3 a4 34.f4 a3 35.Kh2 Ra8 36.Ree2 Qc6
37.Ra2 Re6 38.e5 g6 39.Qg5 Rae8 40.Nh6+ Kf8 41.Ng4 Be7 42.Qh6+ Kg8 43.f5 gxf5
44.Nf6+ {#r} 1-0

[Event "It"]
[Site "masterchessopen.com – Hastings (England)"]
[Round "5"]
[White "Gheorghiu Florin (ROM)"]
[Black "Littlewood Norman"]
[Result "1-0"]
[WhiteElo "2383"]
[BlackElo "2328"]

1.e4 e5 2.Nf3 Nc6 3.Bb5 a6 4.Ba4 Nf6 5.O-O Be7 6.Re1 b5 7.Bb3 d6 8.c3 O-O 9.h3
Nb8 10.d3 Bb7 11.Nbd2 Nbd7 12.Nf1 Nc5 13.Bc2 Re8 14.Ng3 Bf8 15.Nh2 d5 16.Qf3
Ne6 17.Nf5 c5 18.Ng4 Nxg4 19.hxg4 Rc8 20.exd5 Ng5 21.Bxg5 Qxg5 22.c4 Rcd8
23.a4 Bc8 24.axb5 h5 25.Ng3 hxg4 26.Qe3 Qxe3 27.fxe3 axb5 28.Ra5 Bd7 29.Ra7 f5
30.Bb3 bxc4 31.Bxc4 g6 32.Rea1 Bh6 33.Kf2 f4 34.Ne4 fxe3+ 35.Ke2 Rf8 36.d6+
Kh8 37.Rh1 {#r} 1-0

[Event "Olympiad (students) (team)"]
[Site "masterchessopen.com – Sinaya (Romania)"]
[Round "8"]
[White "Gheorghiu Florin (ROM)"]
[Black "Kovacs Laszlo M (HUN)"]
[Result "0-1"]
[WhiteElo "2383"]
[BlackElo "2339"]

1.e4 e5 2.Nf3 Nc6 3.Bb5 a6 4.Ba4 Nf6 5.O-O Be7 6.Re1 b5 7.Bb3 O-O 8.c3 d6 9.h3
Nb8 10.d3 Nbd7 11.Nbd2 c6 12.Nf1 Qc7 13.Ng3 Nc5 14.Bc2 g6 15.Bh6 Re8 16.d4 Ne6
17.Qd2 Bd7 18.Rad1 Rad8 19.Ng5 c5 20.Nf5 Bf8 21.Bxf8 Rxf8 22.Ne7+ Kg7 23.dxe5
dxe5 24.Nd5 Nxd5 25.exd5 Nxg5 26.Qxg5 f6 27.Qg3 Qd6 28.b4 c4 29.h4 Rc8 30.h5
g5 31.a4 Kh6 32.Rd2 Rf7 33.Rde2 Re8 34.Qe3 Bg4 35.Rd2 Bxh5 36.Bf5 Bg6 37.Be6
Rc7 38.g3 Bf7 39.axb5 axb5 40.Bxf7 Rxf7 41.Qc5 Qd7 42.Ra1 e4 43.Ra6 Re5 44.Rb6
Qf5 45.Rxb5 e3 46.fxe3 Qb1+ 47.Kh2 Qe1 48.Qd4 Rxe3 49.Rd1 Qxg3+ 50.Kh1 Rfe7
51.Qxf6+ Kh5 52.Rf1 Re1 {#R} 0-1

[Event "Ch Hungary"]
[Site "masterchessopen.com – Budapest (Hungary)"]
[Round "0"]
[White "Dely Peter (HUN)"]
[Black "Kovacs Lajos D (HUN)"]
[Result "1-0"]
[WhiteElo "2391"]
[BlackElo "2170"]

1.e4 e5 2.Nf3 Nc6 3.Bb5 a6 4.Ba4 Nf6 5.O-O Be7 6.Re1 b5 7.Bb3 O-O 8.c3 d6 9.h3
Nb8 10.d3 Nbd7 11.Nbd2 Bb7 12.Nf1 Nc5 13.Bc2 Re8 14.Ng3 g6 15.d4 Ncd7 16.Bh6
Bf8 17.Qd2 Kh8 18.Ng5 Qe7 19.Bxf8 Rxf8 20.f4 c5 21.fxe5 dxe5 22.d5 Ne8 23.Re2
Nd6 24.Rf1 Nf6 25.Ref2 Ng8 26.Re1 Rad8 27.b3 Bc8 28.Qe3 Bd7 29.Nf3 Rc8 30.Ne2
h5 31.Ng3 Kg7 32.Bd1 Nh6 33.Ng5 f6 34.Nf3 Rh8 35.Ref1 Ng8 36.Nh4 Rh6 37.a4 Kh7
38.axb5 axb5 39.Ra2 Rc7 40.Ra8 Bc8 41.Bc2 Kg7 42.Nf3 Rh8 43.Bd3 Nh6 44.Rb8
Nhf7 45.Re1 Bd7 46.Rxh8 Kxh8 47.Nh4 Kh7 48.Rf1 Ne8 49.Be2 b4 50.c4 Ra7 51.Nxg6
Kxg6 52.Bxh5+ Kh7 53.Bxf7 Qxf7 54.Qxc5 Ra2 55.Qxb4 Qg7 56.Qc3 Nd6 57.Qf3 Be8
58.Kh2 Bg6 59.Qg4 Rb2 60.Qh4+ Kg8 61.Qxf6 Nxe4 62.Qd8+ Kh7 63.Nxe4 Rxg2+
64.Kh1 Rg4 65.Nf6+ Qxf6 66.Qxf6 Be4+ 67.Rf3 Rf4 68.Qxf4 exf4 69.Kg2 {#r} 1-0

[Event "Ch Hungary"]
[Site "masterchessopen.com – Budapest (Hungary)"]
[Round "9"]
[White "Barczay Laszlo (HUN)"]
[Black "Kovacs Laszlo M (HUN)"]
[Result "0-1"]
[WhiteElo "2381"]
[BlackElo "2339"]

1.e4 e5 2.Nf3 Nc6 3.Bb5 a6 4.Ba4 Nf6 5.O-O b5 6.Bb3 Be7 7.Re1 d6 8.c3 O-O 9.h3
Nb8 10.d3 Nbd7 11.Nbd2 Nc5 12.Bc2 Re8 13.d4 Ncd7 14.b4 Bf8 15.Nb3 c6 16.Bb2
Qc7 17.a3 c5 18.d5 Nb6 19.Na5 Bd7 20.Nd2 g6 21.Bb3 c4 22.Bc2 Bh6 23.Nf1 Rf8
24.Ng3 Kh8 25.Bc1 Bxc1 26.Qxc1 Ng8 27.Qd2 Rae8 28.Rad1 Qd8 29.Nc6 Qh4 30.Nd4
Qh6 31.Qxh6 Nxh6 32.Nde2 f5 33.exf5 Nxf5 34.Ne4 Rd8 35.N2g3 Bc8 36.Nxf5 gxf5
37.Ng5 Rde8 38.f4 h6 39.Ne6 Bxe6 40.dxe6 Rxe6 41.fxe5 dxe5 42.g4 fxg4 43.hxg4
Rff6 44.Rd8+ Kg7 45.Be4 Rd6 46.Re8 Na4 47.Bf5 Nxc3 48.R1xe5 Nd5 49.Rc8 Rf8
50.Rc5 Nf4 51.Rc7+ Rf7 52.Rc8 Kf6 53.Ree8 Kg5 54.Re4 Rg7 55.Rf8 Rd2 56.Re5
{#R} 0-1

[Event "Izt"]
[Site "masterchessopen.com – Sousse (Tunisia)"]
[Round "0"]
[White "Matanovic Aleksandar (SRB)"]
[Black "Barczay Laszlo (HUN)"]
[Result "1-0"]
[WhiteElo "2490"]
[BlackElo "2381"]

1.e4 e5 2.Nf3 Nc6 3.Bb5 a6 4.Ba4 Nf6 5.O-O Be7 6.Re1 b5 7.Bb3 d6 8.c3 O-O 9.h3
Nb8 10.d3 Nbd7 11.Nbd2 Bb7 12.Nf1 Nc5 13.Bc2 Re8 14.Ng3 Bf8 15.b4 Ncd7 16.d4
a5 17.a3 Nb6 18.Bd3 axb4 19.cxb4 Ba6 20.Bg5 h6 21.Bxf6 Qxf6 22.d5 Rec8 23.Qe2
Na4 24.Rec1 Rab8 25.Rc6 Bb7 26.Bxb5 Bxc6 27.Bxc6 Nb6 28.a4 Rd8 29.a5 Nc8 30.a6
Ne7 31.Bb7 {#r} 1-0

[Event "It"]
[Site "masterchessopen.com – Venice (Italy)"]
[Round "0"]
[White "Evans Larry M (USA)"]
[Black "Robatsch Karl (AUT)"]
[Result "1-0"]
[WhiteElo "2470"]
[BlackElo "2349"]

1.e4 e5 2.Nf3 Nc6 3.Bb5 a6 4.Ba4 Nf6 5.O-O Be7 6.Re1 b5 7.Bb3 d6 8.c3 O-O 9.h3
Nb8 10.d3 Nbd7 11.Nbd2 Bb7 12.Nf1 Re8 13.Ne3 Nc5 14.Bc2 Bf8 15.b4 Na4 16.Bxa4
bxa4 17.c4 c6 18.Qxa4 d5 19.Bb2 dxe4 20.dxe4 Nxe4 21.Rad1 Qb6 22.c5 Qb5 23.Qc2
Nf6 24.Bxe5 a5 25.Bxf6 gxf6 26.a4 Qa6 27.Rd4 Bc8 28.Rh4 h6 29.bxa5 Qxa5 30.Rc1
Rb8 31.Ng4 Bxg4 32.Rxg4+ Bg7 33.Qf5 Rb4 34.Qd7 {#r} 1-0

[Event "It"]
[Site "masterchessopen.com – Vinkovci (Croatia)"]
[Round "12"]
[White "Matulovic Milan (SRB)"]
[Black "Robatsch Karl (AUT)"]
[Result "1-0"]
[WhiteElo "2394"]
[BlackElo "2349"]

1.e4 e5 2.Nf3 Nc6 3.Bb5 a6 4.Ba4 Nf6 5.O-O Be7 6.Re1 b5 7.Bb3 d6 8.c3 O-O 9.h3
Nb8 10.d3 Nbd7 11.Nbd2 Bb7 12.Nf1 Nc5 13.Bc2 Re8 14.Ng3 Bf8 15.Nh2 d5 16.Qf3
Ne6 17.Nf5 dxe4 18.dxe4 c5 19.h4 c4 20.Bg5 Nxg5 21.hxg5 Nd7 22.Rad1 Qc7 23.Qh5
Bc5 24.Ng4 Re6 25.b4 Bf8 26.Re3 a5 27.Rf3 Nb6 28.Nf6+ Rxf6 29.gxf6 g6 30.Qg5
axb4 31.Ne7+ Kh8 32.Rh3 {#r} 1-0

[Event "It \"]
[Site "masterchessopen.com – Wijk aan Zee (Netherlands)"]
[Round "8"]
[White "Ciocaltea Viktor (ROM)"]
[Black "Hartoch Robert G (NED)"]
[Result "1-0"]
[WhiteElo "2420"]
[BlackElo "2198"]

1.e4 e5 2.Nf3 Nc6 3.Bb5 a6 4.Ba4 Nf6 5.O-O Be7 6.Re1 b5 7.Bb3 d6 8.c3 O-O 9.h3
Nb8 10.d3 Nbd7 11.Nbd2 Bb7 12.Nf1 Nc5 13.Bc2 Re8 14.Ng3 Bf8 15.Nh2 d5 16.Qf3
dxe4 17.dxe4 Ne6 18.Nf5 c5 19.g4 g6 20.Nh6+ Bxh6 21.Bxh6 Qe7 22.Qg3 Nd7 23.g5
Nf4 24.Ng4 Rad8 25.Qh4 Nh5 26.Rad1 c4 27.b4 Nf8 28.Nf6+ Nxf6 29.gxf6 Qe6
30.Rxd8 Rxd8 31.Bd1 Qd6 32.Bg4 Bc8 33.Rd1 Qxd1+ 34.Bxd1 Rxd1+ 35.Kg2 Nd7
36.Bg7 Rd6 37.Qg5 Re6 38.f3 Bb7 39.h4 Bc8 40.Kf2 Bb7 41.Ke2 Bc8 42.h5 Bb7
43.a3 Bc8 44.Qh6 Nxf6 45.Bxf6 Rxf6 46.Qg5 Rc6 47.Qxe5 Re6 48.Qc7 Re8 49.Qc6
Kf8 50.h6 Ke7 51.Qc5+ Kf6 52.Qd4+ Kg5 53.Qg7 f5 54.Qxh7 fxe4 55.f4+ Kh5 56.Qg7
e3 57.h7 {#r} 1-0

[Event "It \"]
[Site "masterchessopen.com – Wijk aan Zee (Netherlands)"]
[Round "7"]
[White "Ciocaltea Viktor (ROM)"]
[Black "Nikolic Stanimir (SRB)"]
[Result "1-0"]
[WhiteElo "2420"]
[BlackElo "2277"]

1.e4 e5 2.Nf3 Nc6 3.Bb5 a6 4.Ba4 Nf6 5.O-O Be7 6.Re1 b5 7.Bb3 d6 8.c3 O-O 9.h3
Nb8 10.d3 Nbd7 11.Nbd2 Bb7 12.Nf1 Nc5 13.Bc2 Re8 14.Ng3 g6 15.d4 Ncd7 16.Bh6
Bf8 17.Qd2 Qe7 18.Rad1 Bxh6 19.Qxh6 Qf8 20.Qd2 Qg7 21.Nh2 d5 22.f4 exf4
23.Qxf4 dxe4 24.Qxc7 Bd5 25.Nxe4 Rac8 26.Qf4 Nh5 27.Qf2 Re6 28.Bb3 Bxb3
29.axb3 g5 30.d5 Rg6 31.Qf5 Rd8 32.Ng4 Qf8 33.d6 Ng7 34.Nef6+ Kh8 35.Nxd7 Nxf5
36.Nxf8 Rgxd6 37.Rxd6 Nxd6 38.Rd1 Kg7 39.Nxh7 Kxh7 40.Ne5 Nb7 41.Rf1 Nd6
42.Nxf7 Nxf7 43.Rxf7+ Kg6 44.Rb7 Rd6 45.b4 Kf5 46.Kh2 Ke4 47.Rg7 Kf5 48.Rf7+
Kg6 49.Rf8 Rd2 50.Rc8 Rd6 51.Kg3 Re6 52.Rd8 Kh5 53.Rd5 Kg6 54.h4 gxh4+ 55.Kxh4
Rf6 56.g4 Re6 57.Rd4 Rc6 58.Rf4 Rd6 59.g5 Kg7 60.Rf6 Rxf6 61.gxf6+ Kxf6 62.Kg4
Ke5 63.Kf3 Kd5 64.b3 Ke5 65.Ke3 Kd5 66.Kd3 Ke5 67.c4 Ke6 68.Ke4 Kd6 69.Kd4 Kc6
70.c5 {#r} 1-0

[Event "Olympiad (students) (team)"]
[Site "masterchessopen.com – Dresden (Germany)"]
[Round "0"]
[White "Westerinen Heikki M J (FIN)"]
[Black "Holaszek Hans"]
[Result "1-0"]
[WhiteElo "2340"]
[BlackElo "2400"]

1.e4 e5 2.Nf3 Nc6 3.Bb5 a6 4.Ba4 Nf6 5.O-O Be7 6.Re1 b5 7.Bb3 d6 8.c3 O-O 9.h3
Nb8 10.d3 Nbd7 11.Nbd2 Bb7 12.Nf1 Nc5 13.Bc2 Re8 14.Ng3 g6 15.Nh2 Ne6 16.Qf3
Bf8 17.Be3 Bg7 18.Rad1 c5 19.Bb3 d5 20.exd5 Bxd5 21.Ne4 Bxb3 22.axb3 Nd7
23.Nd6 Rf8 24.Ng4 Qb8 25.Qc6 Qc7 26.Qxc7 Nxc7 27.Nh6+ Bxh6 28.Bxh6 Rfd8 29.d4
cxd4 30.cxd4 exd4 31.Re7 Ne5 32.Ne4 {#r} 1-0